00860 2200265 4500001002100000005001500021035002000036007000300056008004100059040002200100082001600122084001800138090002000156100003400176245010100210300004400311500001100355650004000366850001200406264008200418336002100500337003000521338002300551990002000574INLIS00000000086399820210823034444 a0010-0821000697ta210823n xx b g 1 dut d aYOPDYOGbinderda04223a959.802 a959.802 OTT r aL 959.802 OTT r1 aOttow, Willem Martinepenulis10aRijckloff volckertsz van goens :bde carriere van een diplomaat 1619-1655 /cWillem Martin Ottow a248 halaman :bilustrasi, peta ;c24 cm aIndeks 4aSejarah Indonesia--yZaman Kolonial aYOPDYOG31aUtrecht :bDe Stchting Pressa Trajectina,ctahun terbit tidak teridentifikasi 2rdacontentateks 2rdamediaatanpa perantara 2rdacarrieravolume a67723-PD/A.2021